Normal view
MARC view
- Saleem, Fuad
Entry Personal Name
001 - CONTROL NUMBER
- control field: 19134
003 - CONTROL NUMBER IDENTIFIER
- control field: NUST
005 - DATE AND TIME OF LATEST TRANSACTION
- control field: 20190806101611.0
008 - FIXED-LENGTH DATA ELEMENTS
- fixed length control field: 190806|| aca||aabn | a|a d
040 ## - CATALOGING SOURCE
- Original cataloging agency: NUST
- Transcribing agency: NUST
100 ## - HEADING--PERSONAL NAME
- Personal name: Saleem, Fuad
670 ## - SOURCE DATA FOUND
- Source citation: Work cat.: (NUST): Saleem, Fuad, Sigma Motors LTD:, 2017.
